000 00624cam a2200241 4500
008 090401t1995 xxu||||| |||| 00| 0 eng d
020 _a1858351448
035 _a(Sirsi) u26587
041 _aeng
050 _a658.45
100 _aMcGeough, Phil
245 _aTeam briefing.
260 _aLondon
_bIndustrial Society
_c1995
300 _ax,130p. : ill. ; 24cm.
350 _a12.95
490 _aPractical Handbook Series
650 _aCOMMUNICATION
650 _aMANAGEMENT
650 _aTEAM BRIEFING
690 _aMANAGEMENT-BUSINESS MANAGEMENT-PROFESSIONAL PRACTICE
942 _n0
948 _c04/03/1997
999 _c88953
_d88953